[Event "35. Potsdamer Weihnachtsturnier"]
[Site "?"]
[Date "2010.12.30"]
[Round "7.36"]
[White "Steppan, Siegfried"]
[Black "Paul, Fabian"]
[Result "1/2-1/2"]
[WhiteElo "1604"]
[BlackElo "1245"]
[PlyCount "99"]
[EventDate "2010.??.??"]
[WhiteTeam "SV Werder/H."]
[BlackTeam "SC Zitadelle Spandau 1977 e.V."]

1. d4 Nf6 2. c4 g6 3. Nc3 Bg7 4. e4 d6 5. h3 O-O 6. Bg5 c5 7. d5 e6 8. Bd3 exd5
9. exd5 Re8+ 10. Kf1 Nbd7 11. Nf3 Ne5 12. Nxe5 Rxe5 13. Qd2 Bf5 14. Bxf5 Rxf5
15. Re1 Qd7 16. g4 Re5 17. Rxe5 dxe5 18. f3 a6 19. Be3 Rc8 20. a4 Ne8 21. Qc2
Nd6 22. Ne4 Nxe4 23. fxe4 Qd6 24. Rh2 f6 25. Rf2 Rf8 26. b3 a5 27. Qd2 g5 28.
Qxa5 b6 29. Qd2 Ra8 30. Qe1 Bf8 31. Ra2 Qb8 32. Qf2 Be7 33. Qf5 Qd6 34. Rh2 Rf8
35. Rd2 Kg7 36. Ra2 Ra8 37. Bd2 Qc7 38. Be1 Kg8 39. Rd2 Rd8 40. Qe6+ Kg7 41.
Qc6 Bd6 42. Qxc7+ Bxc7 43. Rb2 Bd6 44. Ra2 Bc7 45. Rb2 Bd6 46. b4 Ra8 47. bxc5
Bxc5 48. Ra2 Kf8 49. a5 bxa5 50. Rxa5 1/2-1/2

[Event "35. Potsdamer Weihnachtsturnier"]
[Site "?"]
[Date "2010.12.30"]
[Round "7.37"]
[White "Mix, Thomas"]
[Black "Nguyen, Anh Van"]
[Result "1-0"]
[WhiteElo "2033"]
[BlackElo "1414"]
[PlyCount "83"]
[EventDate "2010.??.??"]
[WhiteTeam "SF Brannenburg"]
[BlackTeam "USV Potsdam e.V., Abt. Schach"]

1. e4 e5 2. Nc3 Nf6 3. f4 Nc6 4. fxe5 Nxe5 5. d4 Ng6 6. e5 Ng8 7. Bc4 Be7 8.
Qf3 f6 9. Qd5 Nh6 10. Bxh6 Rf8 11. Bxg7 c6 12. Qf3 b5 13. Bxf8 bxc4 14. Bxe7
Qxe7 15. Qxf6 Qxf6 16. exf6 Kf7 17. Ne4 d5 18. Nd6+ Kxf6 19. Nxc8 Rxc8 20. Nf3
Re8+ 21. Kd2 Nf4 22. Rae1 Rxe1 23. Rxe1 Nxg2 24. Rf1 Nf4 25. Ne5 Kf5 26. Nxc6
Ke4 27. c3 a6 28. b4 cxb3 29. axb3 Nd3 30. Rf7 h5 31. Re7+ Kf3 32. Kxd3 Kg2 33.
c4 dxc4+ 34. Kxc4 a5 35. d5 a4 36. bxa4 h4 37. d6 h3 38. Rg7+ Kh1 39. d7 Kxh2
40. d8=Q Kh1 41. Qd1+ Kh2 42. Qg1# 1-0

[Event "35. Potsdamer Weihnachtsturnier"]
[Site "?"]
[Date "2010.12.30"]
[Round "7.39"]
[White "Heinrich, Philipp"]
[Black "Fuchs, Dominik"]
[Result "1/2-1/2"]
[WhiteElo "1662"]
[BlackElo "1332"]
[PlyCount "109"]
[EventDate "2010.??.??"]
[WhiteTeam "Schachverein Briesen e.V."]
[BlackTeam "SC Zitadelle Spandau 1977 e.V."]

1. Nc3 Nf6 2. e4 d5 3. e5 Ne4 4. d4 Bf5 5. Nxe4 Bxe4 6. f3 Bg6 7. Be3 e6 8. Bd3
Bxd3 9. Qxd3 Nd7 10. c3 Be7 11. Ne2 O-O 12. O-O Rc8 13. b4 Nb6 14. a4 Nc4 15.
Bf2 c6 16. Rfb1 Qc7 17. a5 b6 18. axb6 axb6 19. Ra2 Ra8 20. Rba1 Rxa2 21. Rxa2
Qb7 22. Qb1 Ra8 23. f4 Ra3 24. Qa1 Qa7 25. Rxa3 Qxa3 26. Qxa3 Nxa3 27. Kf1 f6
28. Ke1 fxe5 29. fxe5 Bg5 30. h4 Bh6 31. g4 g6 32. g5 Bf8 33. Kd2 h6 34. Nf4
Kf7 35. Kc1 hxg5 36. hxg5 Be7 37. Nh3 Nc4 38. Kc2 c5 39. bxc5 bxc5 40. Kd3 cxd4
41. Bxd4 Ke8 42. Kc2 Kd7 43. Kd3 Bd8 44. Kc2 Bc7 45. Nf4 Nxe5 46. Bxe5 Bxe5 47.
Nxg6 Bg7 48. Kd3 e5 49. Nh4 e4+ 50. Kd2 Ke6 51. Ng2 d4 52. cxd4 Bxd4 53. Ke2
Kf5 54. Nh4+ Kxg5 55. Nf3+ 1/2-1/2

[Event "35. Potsdamer Weihnachtsturnier"]
[Site "?"]
[Date "2010.12.30"]
[Round "7.40"]
[White "Toth, Hans-Juergen"]
[Black "Wolff, Joachim Peter"]
[Result "1-0"]
[WhiteElo "1647"]
[BlackElo "1116"]
[PlyCount "127"]
[EventDate "2010.??.??"]
[WhiteTeam "SF Zehdenick 76 e.V."]
[BlackTeam "SG Blau-Weiß 1948 Leegebruch"]

1. f4 g6 2. Nf3 Bg7 3. e3 d5 4. Nc3 Nf6 5. b3 O-O 6. Bb2 c6 7. Be2 Nbd7 8. O-O
Ne4 9. d4 Ndf6 10. Nd2 Nd6 11. Rf3 Nf5 12. Qe1 Ng4 13. Nf1 a6 14. h3 Nf6 15. g4
Nd6 16. Bd3 Nfe4 17. Ng3 f5 18. g5 Be6 19. Qe2 Qa5 20. Qe1 Qd8 21. Kg2 Qa5 22.
Na4 Qxe1 23. Rxe1 Nd2 24. Rf2 N2e4 25. Rff1 Nd2 26. Rh1 N6e4 27. Ba3 Rfe8 28.
Re2 Nxg3 29. Kxg3 Ne4+ 30. Bxe4 dxe4 31. Nc5 Bc8 32. Reh2 b6 33. Na4 Rb8 34. h4
a5 35. h5 b5 36. Nc5 b4 37. Bb2 Kf7 38. c3 Be6 39. Na6 Rbc8 40. cxb4 axb4 41.
Nc5 Bd5 42. hxg6+ hxg6 43. Rh7 Rh8 44. Nd7 Rxh7 45. Rxh7 Rh8 46. Ne5+ Kg8 47.
Rxh8+ Bxh8 48. Nxg6 Kg7 49. Nxe7 Kf7 50. Nxd5 cxd5 51. a3 Bg7 52. axb4 Bf8 53.
b5 Bd6 54. Bc3 Kg6 55. Kf2 Bc7 56. Bb4 Bb6 57. Bc5 Bc7 58. b6 Bb8 59. Be7 Kf7
60. Bf6 Kg6 61. b7 Kf7 62. Kg3 Kg6 63. Kh4 Kh7 64. Kh5 1-0

[Event "35. Potsdamer Weihnachtsturnier"]
[Site "?"]
[Date "2010.12.30"]
[Round "7.41"]
[White "Calamar, Traian"]
[Black "Werthmann, Nils"]
[Result "1-0"]
[WhiteElo "1864"]
[BlackElo "1746"]
[PlyCount "51"]
[EventDate "2010.??.??"]
[WhiteTeam "ohne Verein"]
[BlackTeam "USV Potsdam e.V., Abt. Schach"]

1. c4 Nf6 2. Nc3 g6 3. g3 Bg7 4. Bg2 c6 5. e3 O-O 6. Nge2 e6 7. O-O d5 8. cxd5
exd5 9. d4 Bf5 10. h3 Re8 11. g4 Be6 12. f4 Bxg4 13. hxg4 Nxg4 14. Qe1 Nxe3 15.
Bxe3 Rxe3 16. Qf2 Re7 17. Rae1 Nd7 18. Nc1 Rxe1 19. Rxe1 Qb6 20. Nb3 f5 21. Re7
Qd8 22. Qe3 Kh8 23. Qe6 Nf8 24. Qf7 Bh6 25. Nxd5 cxd5 26. Bxd5 1-0

[Event "35. Potsdamer Weihnachtsturnier"]
[Site "?"]
[Date "2010.12.30"]
[Round "7.42"]
[White "Friedel, Manuel"]
[Black "Gersdorf, Victoria"]
[Result "1-0"]
[WhiteElo "1633"]
[BlackElo "881"]
[PlyCount "101"]
[EventDate "2010.??.??"]
[WhiteTeam "SC Empor Potsdam 1952 e.V."]
[BlackTeam "Schachverein Briesen e.V."]

1. d4 d5 2. c4 dxc4 3. e4 Nf6 4. e5 Ng4 5. Bxc4 e6 6. Qxg4 Bb4+ 7. Nc3 O-O 8.
Nf3 f6 9. Bh6 Qe7 10. O-O f5 11. Qg5 Qxg5 12. Bxg5 f4 13. g3 fxg3 14. fxg3 Bd7
15. a3 Ba5 16. d5 exd5 17. Bxd5+ Kh8 18. Bxb7 Bc6 19. Bxa8 Bxa8 20. Nd4 Re8 21.
Rad1 h6 22. Bf4 Bb6 23. Na4 Bxd4+ 24. Rxd4 Nc6 25. Rd7 Ne7 26. Rfd1 Nc6 27.
Rxc7 Nxe5 28. Bxe5 Rxe5 29. Rc8+ Kh7 30. Rxa8 a5 31. h4 Re3 32. Kg2 Re2+ 33.
Kh3 g5 34. h5 Kg7 35. Rd6 Re7 36. Nc5 Kf7 37. Rd7 Rxd7 38. Nxd7 Ke7 39. Ne5 Ke6
40. Ng6 Kf5 41. Rxa5+ Ke4 42. Re5+ Kd3 43. b4 Kc4 44. b5 Kb3 45. b6 Kxa3 46.
Rc5 Kb4 47. Rc1 Kb3 48. b7 Kb2 49. Rc7 Kb3 50. b8=Q+ Ka4 51. Ra7# 1-0

[Event "35. Potsdamer Weihnachtsturnier"]
[Site "?"]
[Date "2010.12.30"]
[Round "7.43"]
[White "Sandbrand, Alexandru"]
[Black "Leyrer, Thomas"]
[Result "0-1"]
[WhiteElo "1374"]
[BlackElo "1618"]
[PlyCount "60"]
[EventDate "2010.??.??"]
[WhiteTeam "SC Weisse Dame e.V."]
[BlackTeam "SV Königsjäger Süd-West e.V."]

1. e4 e5 2. Nf3 Nc6 3. Bc4 Bc5 4. c3 Nf6 5. d4 exd4 6. cxd4 Bb4+ 7. Nc3 Nxe4 8.
a3 Nxc3 9. Qd3 Qe7+ 10. Be3 Nd5+ 11. axb4 Nxe3 12. Qxe3 Qxe3+ 13. fxe3 Nxb4 14.
Bb3 O-O 15. O-O d6 16. Ng5 Be6 17. Nxe6 fxe6 18. Bxe6+ Kh8 19. Rf7 Rxf7 20.
Bxf7 Nc2 21. Rf1 Nxe3 22. Rf3 Nc2 23. d5 Nd4 24. Rf2 g6 25. Be6 Nxe6 26. dxe6
Kg8 27. Rf7 b6 28. Rd7 Re8 29. e7 Kf7 30. Rxc7 Rxe7 0-1

[Event "35. Potsdamer Weihnachtsturnier"]
[Site "?"]
[Date "2010.12.30"]
[Round "7.44"]
[White "Engers, Felix"]
[Black "Walter-von Gierke, Frank"]
[Result "1-0"]
[WhiteElo "1330"]
[BlackElo "1600"]
[PlyCount "83"]
[EventDate "2010.??.??"]
[WhiteTeam "SC Zitadelle Spandau 1977 e.V."]
[BlackTeam "ohne Verein"]

1. c4 g6 2. g3 Bg7 3. Bg2 c5 4. e3 Nf6 5. Ne2 O-O 6. Nbc3 a6 7. a3 d6 8. O-O
Nbd7 9. d3 Rb8 10. Bd2 b6 11. Rb1 Bb7 12. e4 Ne5 13. Qc2 Nc6 14. Be3 Ng4 15. b4
Nxe3 16. fxe3 cxb4 17. axb4 Ne5 18. b5 a5 19. Rfe1 Ng4 20. Nf4 Ne5 21. Na4 e6
22. Bh3 Nf3+ 23. Kf2 Nxe1 24. Rxe1 Re8 25. Qb3 g5 26. Ne2 Qc7 27. Rf1 Re7 28.
Kg1 h5 29. Nac3 Bxc3 30. Nxc3 g4 31. Bg2 Rf8 32. h3 Kg7 33. hxg4 hxg4 34. Rf4
f5 35. exf5 Bxg2 36. Rxg4+ Kh6 37. Qb2 Qc5 38. Kxg2 Qxe3 39. Rh4+ Kg5 40. Ne4+
Kxf5 41. Rf4+ Kg6 42. Rxf8 1-0

[Event "35. Potsdamer Weihnachtsturnier"]
[Site "?"]
[Date "2010.12.30"]
[Round "7.45"]
[White "Paliy, Margaryta"]
[Black "Haar, Reinhard"]
[Result "1-0"]
[WhiteElo "1027"]
[BlackElo "1501"]
[PlyCount "59"]
[EventDate "2010.??.??"]
[WhiteTeam "USV Potsdam e.V., Abt. Schach"]
[BlackTeam "SV Rochade Potsdam-West e.V."]

1. e4 g6 2. d4 Bg7 3. Nf3 d6 4. h3 Nf6 5. Nc3 O-O 6. Be2 c6 7. O-O Nbd7 8. Bc4
Nxe4 9. Nxe4 d5 10. Bxd5 cxd5 11. Nc3 e6 12. Be3 Nb6 13. b3 a6 14. Re1 Qc7 15.
Qd3 Re8 16. Rad1 e5 17. dxe5 Bf5 18. Nxd5 Nxd5 19. Qxd5 Rad8 20. Qc4 Qxc4 21.
bxc4 Rxd1 22. Rxd1 Bxe5 23. Nxe5 Bxc2 24. Rd5 f5 25. Nf3 Be4 26. Rd4 Rc8 27.
Ng5 Bb1 28. Rd7 Bxa2 29. Rxh7 Bxc4 30. Rxb7 1-0

[Event "35. Potsdamer Weihnachtsturnier"]
[Site "?"]
[Date "2010.12.30"]
[Round "7.46"]
[White "Born, Jonathan"]
[Black "Faust, Adrian"]
[Result "0-1"]
[WhiteElo "918"]
[BlackElo "1194"]
[PlyCount "100"]
[EventDate "2010.??.??"]
[WhiteTeam "SV Königsjäger Süd-West e.V."]
[BlackTeam "Potsdamer SV Mitte e.V."]

1. e4 e5 2. Nf3 Nf6 3. Nc3 Nc6 4. d4 exd4 5. Nxd4 Nxd4 6. Qxd4 d6 7. Bg5 Be7 8.
O-O-O Bd7 9. Bc4 h6 10. Bh4 Bc6 11. Rhe1 O-O 12. f3 Re8 13. g4 Nh7 14. Bxe7
Qxe7 15. Nd5 Bxd5 16. Qxd5 c6 17. Qxd6 Rad8 18. Qxe7 Rxd1+ 19. Rxd1 Rxe7 20.
Rd8+ Nf8 21. Ra8 a6 22. Ra7 Ng6 23. Ra8+ Kh7 24. Rd8 Ne5 25. Be2 Kg6 26. h4 f6
27. b4 h5 28. c4 hxg4 29. fxg4 Nxg4 30. Rd4 Ne5 31. a4 Kf7 32. h5 Kg8 33. b5
axb5 34. cxb5 c5 35. Rd8+ Kh7 36. Rc8 b6 37. Kb2 Rb7 38. Rd8 Rd7 39. Rxd7 Nxd7
40. Kc3 Ne5 41. Kb3 Kh6 42. a5 bxa5 43. Ka4 c4 44. b6 Nd7 45. Kxa5 Nxb6 46.
Kxb6 c3 47. Bd3 Kxh5 48. Kc6 g5 49. Kd6 g4 50. e5 fxe5 0-1

[Event "35. Potsdamer Weihnachtsturnier"]
[Site "?"]
[Date "2010.12.30"]
[Round "7.48"]
[White "Wolff, Marie Antoinette"]
[Black "Motsch, Sebastian"]
[Result "1/2-1/2"]
[WhiteElo "1002"]
[BlackElo "973"]
[PlyCount "73"]
[EventDate "2010.??.??"]
[WhiteTeam "SG Blau-Weiß 1948 Leegebruch"]
[BlackTeam "Ludwigsfelder SC 54"]

1. e4 c6 2. d4 d5 3. Nc3 dxe4 4. Nxe4 Nd7 5. Qe2 e6 6. Bf4 Ngf6 7. O-O-O Nxe4
8. Qxe4 Nf6 9. Qe3 Nd5 10. Qg3 Nxf4 11. Qxf4 Bd6 12. Qe3 O-O 13. Nh3 Qb6 14.
Bd3 g6 15. Be2 c5 16. dxc5 Bxc5 17. Qf3 Be7 18. Nf4 e5 19. Nd5 Bg5+ 20. Kb1 Qc6
21. h4 Bd8 22. h5 Bf5 23. Bd3 Bxd3 24. Rxd3 Rc8 25. c3 Re8 26. hxg6 Qxg6 27.
Rh5 e4 28. Nf4 exf3 29. Nxg6 fxg2 30. Rg3 Re1+ 31. Kc2 g1=Q 32. Rxg1 Rxg1 33.
Ne5 Bb6 34. Nf3 Rg2 35. Kb3 Rxf2 36. Rg5+ Kf8 37. Ne5 1/2-1/2

[Event "35. Potsdamer Weihnachtsturnier"]
[Site "?"]
[Date "2010.12.30"]
[Round "7.49"]
[White "Reyher, Bastian"]
[Black "Niels, Jonas-Paul"]
[Result "1/2-1/2"]
[WhiteElo "717"]
[BlackElo "862"]
[PlyCount "99"]
[EventDate "2010.??.??"]
[WhiteTeam "SC Empor Potsdam 1952 e.V."]
[BlackTeam "Schachverein Briesen e.V."]

1. e4 e5 2. Nf3 Nc6 3. Bc4 Nf6 4. Ng5 d5 5. exd5 Nxd5 6. d3 h6 7. Nf3 Bc5 8.
O-O Bf5 9. Na3 a6 10. Bd2 Qd7 11. Qe2 Qe6 12. Rae1 Bd6 13. Bc3 Bg4 14. d4 f6
15. Qd3 O-O-O 16. Qe4 Bxf3 17. Bxd5 Qxd5 18. Qf5+ Rd7 19. dxe5 Nxe5 20. Nc4
Nxc4 21. Qg6 Re7 22. Bxf6 gxf6 23. Qxf6 Qg8 24. Qf5+ Kb8 25. Qxf3 Rxe1 26. Rxe1
Qf8 27. Qc3 Nb6 28. g3 Bc5 29. Kg2 Qxf2+ 30. Kh3 Bd4 31. Qb4 Nd5 32. Qa4 Qxe1
33. Qxd4 Qe8 34. Qxd5 Rh7 35. Qf5 Qd7 36. g4 Qxf5 37. gxf5 Rf7 38. Kg4 Rg7+ 39.
Kh5 Rf7 40. Kg6 Rf8 41. f6 Kc8 42. f7 Kd8 43. Kf6 b5 44. Ke6 c5 45. c3 a5 46.
b3 c4 47. b4 a4 48. a3 h5 49. h4 Rh8 50. Kf6 1/2-1/2

[Event "35. Potsdamer Weihnachtsturnier"]
[Site "?"]
[Date "2010.12.30"]
[Round "7.50"]
[White "Gersdorf, Jonas"]
[Black "Faust, Uwe"]
[Result "1-0"]
[WhiteElo "876"]
[BlackElo "832"]
[PlyCount "85"]
[EventDate "2010.??.??"]
[WhiteTeam "Schachverein Briesen e.V."]
[BlackTeam "Potsdamer SV Mitte e.V."]

1. e4 e5 2. Nf3 Nc6 3. Nc3 Nf6 4. Bb5 a6 5. Bxc6 dxc6 6. Nxe5 Bb4 7. O-O Qe7 8.
Ng4 Nxg4 9. Qf3 O-O 10. d4 Be6 11. d5 cxd5 12. exd5 Qd6 13. g3 Ne5 14. Qe4 Bh3
15. Re1 b5 16. Qxe5 Qc5 17. Be3 Qc4 18. a3 Rae8 19. Qh5 Bd7 20. Rad1 Bd6 21.
Qg5 Re5 22. Qf4 Qxf4 23. gxf4 Rf5 24. Ne4 Be7 25. Nc5 Bc8 26. Ne4 Rh5 27. Rd2
Bf5 28. Bc5 Re8 29. Rde2 Rh6 30. Bxe7 Rxe7 31. Nc5 Rg6+ 32. Kh1 Be6 33. dxe6
fxe6 34. Nxe6 Kf7 35. f5 Rf6 36. Ng5+ Ke8 37. Rxe7+ Kd8 38. Nf7+ Kc8 39. Re8+
Kb7 40. Nd8+ Kb6 41. R1e6+ Ka5 42. b3 Rxf5 43. Nb7# 1-0